Countries with the Most Food Wasted - Statistics

General Stats
  • This quiz has been taken 49 times
  • The average score is 12 of 15
Answer Stats
Million Tons Country % Correct
91.65 China
98%
19.36 United States
98%
12.58 Brazil
96%
6.26 Germany
93%
11.98 Mexico
93%
5.52 France
91%
8.16 Japan
91%
68.76 India
89%
20.94 Indonesia
76%
15.95 Pakistan
71%
10.62 Bangladesh
64%
7.35 Vietnam
62%
37.94 Nigeria
58%
10.33 Ethiopia
51%
5.22 Kenya
31%
No matching quizzes found
Score Distribution
Percent of People with Each Score
Percentile by Number Answered
Your Score History
You have not taken this quiz